[Event "I Weekend"]
[Site "Castelfidardo ITA"]
[Date "1997.12.07"]
[Round "3"]
[White "Nagni, Marco"]
[Black "Mircoli, Filippo"]
[Result "1/2-1/2"]
[WhiteElo "1579"]
[BlackElo "1561"]
[PlyCount "134"]
[EventDate "1997.12.06"]

1. d4 Nf6 2. c4 e6 3. Nc3 Bb4 4. e3 O-O 5. Bd3 c5 6. a3 Bxc3+ 7. bxc3 b6 8. Nf3
Bb7 9. O-O Ne4 10. Qc2 f5 11. Nd2 Nf6 12. e4 fxe4 13. Nxe4 Nxe4 14. Bxe4 Bxe4
15. Qxe4 Nc6 16. d5 exd5 17. cxd5 Re8 18. Qc2 Ne5 19. c4 Qh4 20. f4 Ng4 21. g3
Qh3 22. Qg2 Qxg2+ 23. Kxg2 Ne3+ 24. Bxe3 Rxe3 25. a4 Rae8 26. a5 Re2+ 27. Rf2
Re1 28. Raa2 Rc1 29. axb6 axb6 30. Rac2 Rb1 31. Rb2 Rc1 32. Rfc2 Rxc2+ 33. Rxc2
Re4 34. Kf3 Rd4 35. Kg4 Kf7 36. Kg5 Ke7 37. h4 Kd6 38. Kf5 b5 39. cxb5 Rxd5+
40. Kg4 Kc7 41. Kf3 Kb6 42. Ke4 Rd4+ 43. Ke5 Kxb5 44. Rb2+ Kc6 45. Ra2 Rd5+ 46.
Ke4 Rd4+ 47. Ke5 Kb5 48. Rb2+ Rb4 49. Rd2 Kc6 50. Rd6+ Kc7 51. Rd3 Rb6 52. f5
c4 53. Rc3 Rc6 54. Kd5 Kb6 55. Rxc4 Rxc4 56. Kxc4 Kc6 57. Kd4 Kd6 58. g4 Ke7
59. g5 h6 60. Kd5 d6 61. Kc6 hxg5 62. hxg5 g6 63. fxg6 Ke6 64. g7 Kf7 65. Kxd6
Kxg7 66. Ke5 Kg6 67. Kf4 Kg7 1/2-1/2

[Event "I Weekend"]
[Site "Castelfidardo ITA"]
[Date "1997.12.07"]
[Round "3"]
[White "Negri, Jacopo"]
[Black "Buratti, Ettore"]
[Result "1-0"]
[WhiteElo "1606"]
[BlackElo "1600"]
[PlyCount "55"]
[EventDate "1997.12.06"]

1. d4 Nf6 2. Nc3 g6 3. e4 d6 4. Bg5 Bg7 5. Qd2 h6 6. Be3 Ng4 7. h3 Nxe3 8. fxe3
O-O 9. O-O-O Nd7 10. Nf3 b6 11. Bc4 e6 12. g4 Bb7 13. g5 h5 14. Rhf1 a6 15. a3
b5 16. Bd3 Nb6 17. e5 Bxf3 18. Rxf3 dxe5 19. Ne4 exd4 20. Nf6+ Bxf6 21. gxf6
Nd5 22. Qg2 Nxe3 23. Qg5 Nf5 24. Bxf5 exf5 25. Rxf5 Kh7 26. Rg1 Qe8 27. Qxh5+
Kg8 28. Re5 1-0

[Event "I Weekend"]
[Site "Castelfidardo ITA"]
[Date "1997.12.07"]
[Round "3"]
[White "Palmizi, Alessandro"]
[Black "Profili, Bruno"]
[Result "1/2-1/2"]
[WhiteElo "1660"]
[BlackElo "1594"]
[PlyCount "67"]
[EventDate "1997.12.06"]

1. e4 Nf6 2. e5 Nd5 3. d4 d6 4. c4 Nb6 5. exd6 cxd6 6. Be3 g6 7. Bd3 Bg7 8. Ne2
O-O 9. Nbc3 Nc6 10. a3 Na5 11. b3 d5 12. c5 Nd7 13. Rc1 e6 14. Nb5 Nc6 15. O-O
a6 16. Nd6 e5 17. b4 exd4 18. Bf4 Nde5 19. Bb1 Nc4 20. Qb3 Nxd6 21. Bxd6 Re8
22. Rfe1 Bh6 23. Rcd1 Bg4 24. f3 Re3 25. Qb2 Rxf3 26. gxf3 Be3+ 27. Kg2 Bxf3+
28. Kxf3 Qf6+ 29. Nf4 Ne5+ 30. Bxe5 Qxe5 31. Nxd5 Qh5+ 32. Kg3 Qg5+ 33. Kf3
Qh5+ 34. Kg3 1/2-1/2

[Event "I Weekend"]
[Site "Castelfidardo ITA"]
[Date "1997.12.07"]
[Round "3"]
[White "Possanzini, Lorenzo"]
[Black "Rotoni, Matteo"]
[Result "1/2-1/2"]
[WhiteElo "1576"]
[BlackElo "1744"]
[PlyCount "99"]
[EventDate "1997.12.06"]

1. Nf3 c5 2. c4 Nf6 3. g3 e6 4. Bg2 d5 5. cxd5 exd5 6. d3 Nc6 7. O-O Be7 8. Bf4
O-O 9. Ne5 Nxe5 10. Bxe5 Ng4 11. Bf4 Be6 12. h3 Nf6 13. g4 Qd7 14. Nd2 Ne8 15.
Nf3 h5 16. Ne5 Qc8 17. Qb3 hxg4 18. hxg4 Nf6 19. Bg5 Qc7 20. f4 Nxg4 21. Bxe7
Qxe7 22. Nxg4 Bxg4 23. Qxd5 Rab8 24. Rae1 Qe3+ 25. Rf2 Rbd8 26. Qe4 Qd2 27. Rb1
Rfe8 28. Qxb7 Rxe2 29. Rbf1 Qxd3 30. Bf3 Bxf3 31. Qxf3 Qxf3 32. Rxf3 Rdd2 33.
Rh3 Rxb2 34. Rc1 Rxa2 35. Rd1 Rad2 36. Rb1 g6 37. f5 Rg2+ 38. Kh1 gxf5 39. Rb8+
Kg7 40. Rg8+ Kxg8 41. Rh8+ Kg7 42. Rh7+ Kg6 43. Rh6+ Kg5 44. Rh5+ Kg4 45. Rh4+
Kf3 46. Rf4+ Ke3 47. Re4+ Kf2 48. Rf4+ Ke1 49. Rf1+ Ke2 50. Re1+ 1/2-1/2

[Event "I Weekend 64 Caselle A"]
[Site "Genova ITA"]
[Date "1997.12.28"]
[Round "2"]
[White "Di Paolo, Raffaele"]
[Black "Sciacca, Massimo"]
[Result "1-0"]
[WhiteElo "2285"]
[BlackElo "1899"]
[PlyCount "39"]
[EventDate "1997.12.27"]

1. a3 d5 2. Nf3 Nf6 3. d4 e6 4. c4 Be7 5. Nc3 O-O 6. Bg5 Nbd7 7. e3 b6 8. cxd5
exd5 9. Bd3 c5 10. O-O Bb7 11. Rc1 Rc8 12. dxc5 bxc5 13. Bf5 g6 14. Bh3 Re8 15.
Qa4 Nb6 16. Qh4 Nc4 17. b3 Nb6 18. Ne5 Qd6 19. f4 Rcd8 20. Nb5 1-0

[Event "I Weekend 64 Caselle A"]
[Site "Genova ITA"]
[Date "1998.01.04"]
[Round "5"]
[White "Duarte, Riccardo"]
[Black "Cillo, Angelo"]
[Result "0-1"]
[WhiteElo "2005"]
[BlackElo "1668"]
[PlyCount "70"]
[EventDate "1997.12.27"]

1. e4 e5 2. Nf3 Nc6 3. Bc4 Nf6 4. Nc3 Nxe4 5. Bxf7+ Kxf7 6. Nxe4 d5 7. Neg5+
Kg8 8. d4 h6 9. Nh3 e4 10. Nfg1 Bd6 11. Be3 Qf6 12. Qh5 Be6 13. O-O-O Rf8 14.
g3 g6 15. Qe2 h5 16. Nf4 Bxf4 17. gxf4 Bg4 18. f3 exf3 19. Qf2 Qe6 20. Nxf3 Qe4
21. Ng5 Qf5 22. Rdg1 h4 23. h3 Bh5 24. Rh2 Re8 25. Re1 Re7 26. Qxh4 Kg7 27. Qf2
Rhe8 28. Rhh1 Kg8 29. Rhg1 Nxd4 30. Bxd4 Re2 31. Rxe2 Rxe2 32. Qxe2 Bxe2 33.
Be3 d4 34. Bd2 d3 35. cxd3 Qc5+ 0-1

[Event "I Weekend 64 Caselle A"]
[Site "Genova ITA"]
[Date "1998.01.04"]
[Round "5"]
[White "Durdevic, Radoslav"]
[Black "Di Paolo, Raffaele"]
[Result "0-1"]
[WhiteElo "1974"]
[BlackElo "2285"]
[PlyCount "50"]
[EventDate "1997.12.27"]

1. e4 c5 2. Nf3 d6 3. d4 cxd4 4. Nxd4 Nf6 5. Nc3 e6 6. Be2 Be7 7. Be3 Nc6 8.
Qd2 O-O 9. O-O Qc7 10. Ndb5 Qb8 11. Rfd1 Rd8 12. a4 b6 13. Nd4 Bb7 14. Nxc6
Bxc6 15. f3 d5 16. exd5 Nxd5 17. Nxd5 Bxd5 18. Bd3 Qe5 19. b3 Rac8 20. Qf2 Bxb3
21. f4 Qc3 22. Ba6 Qxc2 23. Rdc1 Qxf2+ 24. Kxf2 Rxc1 25. Rxc1 25... Bxa4 {...}
0-1

[Event "Weekend A"]
[Site "Torino ITA"]
[Date "1997.12.??"]
[Round "?"]
[White "Andreoni, Mario"]
[Black "Farachi, Francesco"]
[Result "1-0"]
[WhiteElo "1666"]
[BlackElo "2125"]
[PlyCount "72"]
[EventDate "1997.12.05"]

1. c4 g6 2. Nf3 Bg7 3. Nc3 Nf6 4. g3 O-O 5. Bg2 d6 6. O-O c6 7. d4 Be6 8. Qb3
Qc8 9. Ng5 Bd7 10. Rd1 Na6 11. a4 Rb8 12. c5 dxc5 13. Bf4 Ra8 14. d5 h6 15.
Nge4 Nxd5 16. Rxd5 cxd5 17. Nxd5 Qd8 18. Qxb7 Nb4 19. Bc7 Qe8 20. Nxc5 Nxd5 21.
Bxd5 Rc8 22. Rd1 Bxa4 23. b3 Bb5 24. Ne4 a6 25. Qb6 Kh7 26. Rd2 Qd7 27. Bf4
Rc1+ 28. Kg2 Qf5 29. Bb7 Re1 30. Nc5 Bxe2 31. Rxe2 Rxe2 32. Nxa6 e5 33. Bf3 Rc2
34. Be3 e4 35. Bd1 Rcc8 36. Qb7 Rcd8 1-0

[Event "Weekend A"]
[Site "Torino ITA"]
[Date "1997.12.??"]
[Round "?"]
[White "Corgnati, Maurizio"]
[Black "Martin, Tiziano"]
[Result "1-0"]
[WhiteElo "2195"]
[BlackElo "1810"]
[PlyCount "57"]
[EventDate "1997.12.05"]

1. f4 Nf6 2. Nf3 d6 3. c3 Nbd7 4. d3 e5 5. e4 c6 6. Be2 Qb6 7. Na3 Be7 8. Nc4
Qc7 9. O-O b5 10. Ne3 O-O 11. Nf5 Re8 12. Qe1 Bf8 13. Qg3 g6 14. fxe5 dxe5 15.
Nh6+ Bxh6 16. Bxh6 Nh5 17. Qh4 Qd8 18. Ng5 Ndf6 19. Bxh5 Nxh5 20. Rxf7 Be6 21.
Rxh7 Qxd3 22. Bg7 Qe3+ 23. Kh1 Qf4 24. Rh8+ Kxg7 25. Nxe6+ Kxh8 26. Nxf4 exf4
27. Rd1 Rxe4 28. g4 f3 29. Qh3 1-0

[Event "Weekend A"]
[Site "Torino ITA"]
[Date "1997.12.??"]
[Round "?"]
[White "Giordana, Marco"]
[Black "Lampic, Teo"]
[Result "0-1"]
[WhiteElo "1768"]
[BlackElo "2250"]
[PlyCount "66"]
[EventDate "1997.12.05"]

1. e4 e6 2. d4 d5 3. exd5 exd5 4. Bd3 Bd6 5. Qf3 Ne7 6. Ne2 Nbc6 7. c3 Be6 8.
Bf4 h5 9. h3 Qd7 10. Bxd6 cxd6 11. Na3 O-O-O 12. O-O-O Rh6 13. Nf4 h4 14. Nxe6
fxe6 15. Rhe1 e5 16. dxe5 dxe5 17. Bb5 Rf6 18. Qe2 Qf5 19. Rd2 d4 20. c4 Ng6
21. Qe4 Nb4 22. c5 Qxe4 23. Rxe4 Rd5 24. b3 Rxc5+ 25. Kb2 Nf4 26. g3 Nxh3 27.
Rxh4 Rxf2 28. Be2 d3 29. Bg4+ Kc7 30. Rxf2 Nxf2 31. Rh7 Nxg4 32. Rxg7+ Kc8 33.
Rxg4 d2 0-1

[Event "Weekend A"]
[Site "Torino ITA"]
[Date "1997.12.??"]
[Round "?"]
[White "Martin, Tiziano"]
[Black "Mrdja, Milan"]
[Result "1/2-1/2"]
[WhiteElo "1810"]
[BlackElo "2390"]
[PlyCount "75"]
[EventDate "1997.12.05"]

1. e4 c5 2. Nc3 Nc6 3. g3 g6 4. Bg2 Bg7 5. d3 d6 6. Be3 e6 7. Qd2 Rb8 8. Nf3
Nd4 9. O-O Ne7 10. Nd1 O-O 11. Bh6 Nxf3+ 12. Bxf3 e5 13. Bxg7 Kxg7 14. Bg2 Be6
15. f4 f6 16. Ne3 Qd7 17. Rf2 Rbd8 18. Raf1 b5 19. f5 gxf5 20. exf5 Bf7 21. g4
Kh8 22. h4 Rg8 23. g5 fxg5 24. Ng4 Nd5 25. hxg5 Nf4 26. Rxf4 Rxg5 27. Nf6 Rxg2+
28. Qxg2 Qe7 29. Rh4 Qxf6 30. Qh3 Rg8+ 31. Kh2 h5 32. Rxh5+ Bxh5 33. Qxh5+ Kg7
34. Rg1+ Kf8 35. Rg6 Rxg6 36. fxg6 c4 37. Qh7 Qf4+ 38. Kg2 1/2-1/2

[Event "Weekend A"]
[Site "Torino ITA"]
[Date "1997.12.??"]
[Round "?"]
[White "Mrdja, Milan"]
[Black "Lampic, Teo"]
[Result "1/2-1/2"]
[WhiteElo "2390"]
[BlackElo "2250"]
[PlyCount "58"]
[EventDate "1997.12.05"]

1. e4 d6 2. d4 g6 3. Nc3 Bg7 4. Bc4 c6 5. Qf3 e6 6. Nge2 b5 7. Bb3 b4 8. Na4
Ba6 9. c3 Nd7 10. O-O Qf6 11. Qe3 Qe7 12. Re1 bxc3 13. bxc3 e5 14. Ba3 Ngf6 15.
Rad1 Rd8 16. h3 O-O 17. f4 Bh6 18. dxe5 Nxe5 19. Ng3 c5 20. Nxc5 dxc5 21. Bxc5
Qc7 22. Bxf8 Rxf8 23. Rd4 Nc6 24. e5 Nxd4 25. cxd4 Re8 26. Qf2 Qc3 27. Rd1 Qc7
28. Re1 Qc3 29. Rd1 Qc7 1/2-1/2

[Event "IV Festival A"]
[Site "Paterno' ITA"]
[Date "1997.11.30"]
[Round "?"]
[White "Alaimo, Riccardo"]
[Black "Fabiano, Giuseppe"]
[Result "0-1"]
[WhiteElo "2068"]
[BlackElo "2240"]
[PlyCount "120"]
[EventDate "1997.11.22"]

1. e4 e6 2. Nc3 d5 3. d4 Bb4 4. e5 b6 5. Qg4 Bf8 6. Bd3 Nc6 7. Bg5 Qd7 8. Nf3
Bb7 9. O-O Nge7 10. Bb5 a6 11. Bd3 h6 12. Bd2 O-O-O 13. Ne2 Nf5 14. c3 Na5 15.
b3 g5 16. Bxf5 exf5 17. Qh5 Bg7 18. Rac1 Nc6 19. Rfd1 Qe6 20. c4 dxc4 21. bxc4
Qg6 22. Qxg6 fxg6 23. Bc3 Rhe8 24. Re1 a5 25. a4 Ba6 26. Nd2 Bf8 27. e6 Nb4 28.
d5 Nd3 29. Bf6 Be7 30. Bxe7 Rxe7 31. Nd4 Rd6 32. Rb1 Nxe1 33. Rxe1 Bxc4 34.
Nxc4 Rxd5 35. Nf3 g4 36. Nfd2 Rd4 37. Kf1 Kd8 38. Re2 Re8 39. Ke1 Ke7 40. Ne5
Rxa4 41. Nb3 Kd6 42. Nf7+ Kd5 43. Re5+ Kc4 44. Nd2+ Kc3 45. Re3+ Kc2 46. Ke2
Rd4 47. Nb3 Re4 48. Rxe4 fxe4 49. Nd4+ Kb2 50. Nxh6 c5 51. Nb5 Rxe6 52. Nxg4 a4
53. Ne3 Kb3 54. Kd2 a3 55. Nc2 a2 56. Kc1 Rf6 57. Na1+ Kb4 58. Nc7 Rxf2 59.
Nd5+ Kc4 60. Nxb6+ Kd4 0-1

[Event "IV Festival A"]
[Site "Paterno' ITA"]
[Date "1997.11.30"]
[Round "?"]
[White "Bottini, Paolo"]
[Black "Fabiano, Giuseppe"]
[Result "0-1"]
[WhiteElo "1875"]
[BlackElo "2240"]
[PlyCount "60"]
[EventDate "1997.11.22"]

1. e4 e6 2. d4 d5 3. Nd2 c5 4. Ngf3 Nc6 5. exd5 exd5 6. Bb5 Bd6 7. dxc5 Bxc5 8.
Nb3 Bb6 9. Bg5 Nge7 10. Qe2 f6 11. Bf4 O-O 12. O-O Ng6 13. Qd2 Nce5 14. Bxe5
fxe5 15. Rad1 Nf4 16. g3 Nh3+ 17. Kg2 Bg4 18. Be2 e4 19. Nfd4 Qd7 20. Qe3 Rf3
21. Qd2 Raf8 22. Bxf3 Rxf3 23. Rde1 Rxb3 24. axb3 Bxd4 25. f3 Bxf3+ 26. Rxf3
exf3+ 27. Kxf3 Qf5+ 28. Kg2 Ng5 29. Qe2 Qh3+ 30. Kh1 Ne4 0-1

[Event "IV Festival A"]
[Site "Paterno' ITA"]
[Date "1997.11.30"]
[Round "?"]
[White "Fabiano, Giuseppe"]
[Black "Dino, Giuseppe"]
[Result "1-0"]
[WhiteElo "2240"]
[BlackElo "1866"]
[PlyCount "39"]
[EventDate "1997.11.22"]

1. e4 e6 2. d3 d5 3. Nd2 Nf6 4. Ngf3 c5 5. g3 Nc6 6. Bg2 Qc7 7. O-O Be7 8. Re1
b5 9. exd5 Nxd5 10. Ne4 Bb7 11. c4 bxc4 12. dxc4 Nb6 13. Bf4 e5 14. Nxe5 Rd8
15. Qh5 g6 16. Nf6+ Bxf6 17. Nxc6+ Qe7 18. Rxe7+ Kf8 19. Bh6+ Bg7 20. Qe5 1-0

[Event "IV Festival A"]
[Site "Paterno' ITA"]
[Date "1997.11.30"]
[Round "?"]
[White "Fabiano, Giuseppe"]
[Black "Licciardello, Salvatore"]
[Result "1-0"]
[WhiteElo "2240"]
[BlackElo "1842"]
[PlyCount "49"]
[EventDate "1997.11.22"]

1. e4 c5 2. Nf3 d6 3. c3 Nf6 4. Be2 Nc6 5. d4 cxd4 6. cxd4 g6 7. O-O Bg7 8. Nc3
O-O 9. Bg5 Bg4 10. d5 Bxf3 11. Bxf3 Ne5 12. Be2 Rc8 13. Qb3 Qc7 14. Rac1 Qb8
15. f3 Ned7 16. Be3 Nc5 17. Qa3 Nfd7 18. b4 Na6 19. Nb5 Rxc1 20. Rxc1 Nb6 21.
Qa5 Rc8 22. Rxc8+ Qxc8 23. Nxa7 Qc2 24. Bxa6 bxa6 25. Qxb6 1-0

[Event "IV Festival A"]
[Site "Paterno' ITA"]
[Date "1997.11.29"]
[Round "6"]
[White "Licciardello, Salvatore"]
[Black "Alaimo, Riccardo"]
[Result "0-1"]
[WhiteElo "1842"]
[BlackElo "2068"]
[PlyCount "82"]
[EventDate "1997.11.22"]

1. e4 c5 2. Nf3 d6 3. Bb5+ Nd7 4. d4 Ngf6 5. Nc3 cxd4 6. Qxd4 e5 7. Qd3 h6 8.
Nd2 Be7 9. Nc4 O-O 10. Bxd7 Bxd7 11. Nxd6 Qc7 12. Ndb5 Qc6 13. a4 Be6 14. Qf3
a6 15. Na3 Bg4 16. Nd5 Nxd5 17. Qxg4 Nf6 18. Qe2 Bb4+ 19. Bd2 Bxd2+ 20. Qxd2
Qxe4+ 21. Qe2 Qxa4 22. O-O Qf4 23. h3 Rad8 24. Rad1 Nd5 25. Rfe1 f6 26. Rd3 Ne7
27. Rf3 Qd2 28. Rb3 b5 29. c4 Qxe2 30. Rxe2 Nf5 31. Re4 Rd1+ 32. Kh2 Nd4 33.
Rb4 a5 34. Rxb5 Nxb5 35. cxb5 Rd4 36. Rxd4 exd4 37. Kg1 d3 38. Kf1 Re8 39. Nc4
Rc8 40. b3 a4 41. Ke1 axb3 0-1

[Event "XIX Festival A"]
[Site "Arco ITA"]
[Date "1997.11.14"]
[Round "1"]
[White "Astengo, Marcello"]
[Black "Rossi, Carlo"]
[Result "0-1"]
[WhiteElo "2040"]
[BlackElo "2355"]
[PlyCount "94"]
[EventDate "1997.11.14"]

1. d4 b5 2. Nf3 Bb7 3. Bf4 Nf6 4. e3 a6 5. Bd3 e6 6. O-O Nc6 7. c3 Ne7 8. Nbd2
Ng6 9. Bg3 Bd6 10. Ne5 Bxe5 11. dxe5 Nd5 12. Qg4 h5 13. Qf3 Ndf4 14. Be4 Bxe4
15. Qxe4 Ne2+ 16. Kh1 h4 17. Bf4 Rc8 18. Nf3 Rh5 19. Bg5 Rxg5 20. Nxg5 Qxg5 21.
f4 Qh6 22. Rfe1 Ng3+ 23. hxg3 hxg3+ 24. Kg1 Qh2+ 25. Kf1 Nh4 26. Rad1 Ke7 27.
Rd2 Rd8 28. Ke2 d5 29. exd6+ Rxd6 30. Kd1 Nxg2 31. Ree2 Qg1+ 32. Kc2 Ne1+ 33.
Kb3 Rxd2 34. Rxd2 g2 35. Qd4 f6 36. Qd8+ Kf7 37. Rd7+ Kg6 38. Qe8+ Kf5 39. Qh5+
Ke4 40. Rd4+ Kxe3 41. Qh3+ Nf3 42. Qxe6+ Kf2 43. Rd3 Qf1 44. Rxf3+ Kxf3 45.
Qh3+ Kf2 46. Qh4+ Ke3 47. Qh3+ Kd2 0-1

[Event "XIX Festival A"]
[Site "Arco ITA"]
[Date "1997.11.14"]
[Round "1"]
[White "De Santis, Alessio"]
[Black "Djuric, Stefan"]
[Result "1/2-1/2"]
[WhiteElo "2185"]
[BlackElo "2545"]
[PlyCount "108"]
[EventDate "1997.11.14"]

1. d4 Nf6 2. c4 g6 3. Nc3 d5 4. Nf3 Bg7 5. Bg5 c6 6. e3 Ne4 7. Bf4 O-O 8. Bd3
Nxc3 9. bxc3 dxc4 10. Bxc4 c5 11. O-O Nc6 12. Rc1 Bg4 13. h3 e5 14. dxe5 Qxd1
15. Rfxd1 Bxf3 16. gxf3 Bxe5 17. Bxe5 Nxe5 18. Bd5 Rab8 19. f4 Nd7 20. c4 Kg7
21. Rc3 Rfd8 22. Bf3 Kf8 23. Ra3 a6 24. Rb1 b5 25. Rxa6 bxc4 26. Rc1 Nb6 27. a4
Rd2 28. a5 Na4 29. Rxc4 Rb1+ 30. Kg2 Nb2 31. Ra8+ Kg7 32. Be4 Nxc4 33. Bxb1
Nxe3+ 34. Kf3 Nc2 35. a6 Nd4+ 36. Kg2 Nc6 37. Be4 Nb4 38. f5 Ra2 39. fxg6 hxg6
40. a7 f5 41. Bf3 g5 42. Kf1 Kh7 43. Kg1 Ra1+ 44. Kh2 Kg7 45. h4 g4 46. Bg2 Ra3
47. h5 Kh7 48. Rc8 Rxa7 49. Rxc5 Rf7 50. Rxf5 Rxf5 51. Be4 Kh6 52. Bxf5 Kxh5
53. Kg3 Kg5 54. Bxg4 Nd3 1/2-1/2

[Event "XIX Festival A"]
[Site "Arco ITA"]
[Date "1997.11.14"]
[Round "1"]
[White "Khenkin, Igor"]
[Black "Lantini, Marco"]
[Result "1-0"]
[WhiteElo "2550"]
[BlackElo "2190"]
[PlyCount "61"]
[EventDate "1997.11.14"]

1. d4 Nf6 2. c4 e6 3. Nf3 d5 4. Bg5 Be7 5. Nc3 O-O 6. Qc2 Nc6 7. e3 Nb4 8. Qb3
c5 9. dxc5 Qa5 10. a3 Nc6 11. Qb5 Qd8 12. O-O-O Bd7 13. cxd5 Nxd5 14. Nxd5 exd5
15. Rxd5 Bxg5 16. Nxg5 Ne5 17. Qb4 Qxg5 18. f4 Qh6 19. Rxe5 Bc6 20. Qc3 Rfe8
21. Rg5 Re6 22. Bc4 Rg6 23. h4 Bxg2 24. Rg1 Rxg5 25. hxg5 Qh2 26. Rd1 Bf3 27.
Rd7 Bh5 28. Kb1 Qh3 29. Qd4 Bg6+ 30. Ka2 h5 31. e4 1-0

[Event "XIX Festival A"]
[Site "Arco ITA"]
[Date "1997.11.14"]
[Round "1"]
[White "Luciani, Valerio"]
[Black "Modena, Giorgio"]
[Result "1-0"]
[WhiteElo "2225"]
[BlackElo "1936"]
[PlyCount "83"]
[EventDate "1997.11.14"]

1. c4 c5 2. Nc3 Nc6 3. g3 g6 4. Bg2 Bg7 5. Nf3 Nf6 6. O-O O-O 7. d4 cxd4 8.
Nxd4 Nxd4 9. Qxd4 d6 10. Qd3 Qb6 11. b3 Nd7 12. Bb2 Ne5 13. Qd2 Be6 14. Nd5
Bxd5 15. Qxd5 Qc6 16. Qxe5 Qxg2+ 17. Kxg2 Bxe5 18. Bxe5 dxe5 19. Rfd1 Rfd8 20.
Kf1 Kf8 21. Ke1 Ke8 22. Rxd8+ Rxd8 23. Rd1 Rd6 24. Rd2 Kd7 25. c5 Rd4 26. e3
Rxd2 27. Kxd2 Kc6 28. b4 Kd5 29. Kd3 f5 30. Kc3 g5 31. Kd3 a6 32. h3 h6 33. f3
e4+ 34. fxe4+ fxe4+ 35. Kc3 h5 36. Kb3 e6 37. Kc3 e5 38. Kb3 a5 39. a4 h4 40.
g4 Kc6 41. Kc4 axb4 42. Kxb4 1-0

[Event "XIX Festival A"]
[Site "Arco ITA"]
[Date "1997.11.14"]
[Round "1"]
[White "Ortega, Lexy"]
[Black "Tonon, Alessandro"]
[Result "1-0"]
[WhiteElo "2470"]
[BlackElo "2150"]
[PlyCount "63"]
[EventDate "1997.11.14"]

1. d4 Nf6 2. Nf3 d5 3. c4 c6 4. Nc3 dxc4 5. e3 b5 6. a4 b4 7. Na2 e6 8. Bxc4 a5
9. O-O Nbd7 10. Bd2 Be7 11. Nc1 O-O 12. Nb3 c5 13. Rc1 Bb7 14. Qe2 Qb6 15. Rfd1
Rac8 16. Be1 cxd4 17. Nfxd4 Nc5 18. Nxc5 Bxc5 19. Nb3 Be7 20. f3 Rxc4 21. Rxc4
Bd5 22. Bf2 Qa6 23. Rdc1 Rd8 24. Kf1 Bxc4 25. Qxc4 Qxc4+ 26. Rxc4 Ra8 27. e4
Bd8 28. Ke2 Nd7 29. Rc6 Kf8 30. Bd4 Nb8 31. Rc8 Ke8 32. Be5 1-0

[Event "XIX Festival A"]
[Site "Arco ITA"]
[Date "1997.11.15"]
[Round "2"]
[White "Contin, Daniel"]
[Black "De Santis, Alessio"]
[Result "0-1"]
[WhiteElo "2325"]
[BlackElo "2185"]
[PlyCount "48"]
[EventDate "1997.11.14"]

1. c4 d6 2. Nc3 e5 3. g3 f5 4. Bg2 Nf6 5. d3 c5 6. Bg5 Be7 7. e3 Nc6 8. Nge2
O-O 9. Bxf6 Bxf6 10. O-O Be6 11. Bd5 Qd7 12. f4 g5 13. Qa4 Kh8 14. Kh1 Rae8 15.
Rae1 Rg8 16. Qb5 Rg7 17. fxe5 Nxe5 18. Bxe6 Qxe6 19. Nf4 gxf4 20. exf4 Reg8 21.
Nd5 Bh4 22. Re2 Bxg3 23. hxg3 Rxg3 24. fxe5 Rh3+ 0-1

[Event "XIX Festival A"]
[Site "Arco ITA"]
[Date "1997.11.15"]
[Round "2"]
[White "Di Lazzaro, Gabriele"]
[Black "Ruzzier, Dario"]
[Result "0-1"]
[WhiteElo "2030"]
[BlackElo "2100"]
[PlyCount "48"]
[EventDate "1997.11.14"]

1. e4 e5 2. d4 exd4 3. Qxd4 Nc6 4. Qe3 Nf6 5. Nc3 d6 6. Bd2 Bd7 7. f4 Qe7 8.
O-O-O O-O-O 9. h3 h5 10. Nf3 g6 11. Bc4 Bh6 12. Rhe1 Kb8 13. Qf2 Rhe8 14. e5
dxe5 15. fxe5 Bxd2+ 16. Rxd2 Nh7 17. Nd5 Qf8 18. Nf4 Bf5 19. Rxd8+ Rxd8 20. Kb1
Qb4 21. Qf1 Nd4 22. Nxd4 Rxd4 23. b3 Rxf4 24. Qg1 Rxc4 0-1

[Event "XIX Festival A"]
[Site "Arco ITA"]
[Date "1997.11.15"]
[Round "2"]
[White "Djuric, Stefan"]
[Black "Luciani, Valerio"]
[Result "1-0"]
[WhiteElo "2545"]
[BlackElo "2225"]
[PlyCount "33"]
[EventDate "1997.11.14"]

1. e4 e6 2. d4 d5 3. Nc3 Bb4 4. Bd3 Ne7 5. Nf3 c5 6. a3 Bxc3+ 7. bxc3 Qc7 8.
O-O Bd7 9. exd5 Nxd5 10. c4 Nf6 11. d5 Na6 12. Re1 O-O-O 13. Ne5 exd5 14. cxd5
Ba4 15. Bf4 Rxd5 16. Qf3 Rhd8 17. Bxa6 1-0

[Event "XIX Festival A"]
[Site "Arco ITA"]
[Date "1997.11.15"]
[Round "2"]
[White "Medancic, Rikard"]
[Black "Drei, Andrea"]
[Result "1-0"]
[WhiteElo "2320"]
[BlackElo "2345"]
[PlyCount "111"]
[EventDate "1997.11.14"]

1. d4 Nf6 2. c4 e6 3. Nf3 b6 4. Nc3 Bb4 5. Bg5 h6 6. Bh4 Bb7 7. Nd2 Bxc3 8.
bxc3 d6 9. f3 Nbd7 10. e4 g5 11. Bf2 Rg8 12. Qa4 Kf8 13. h4 g4 14. Be3 Kg7 15.
h5 e5 16. Be2 Kh7 17. O-O-O a6 18. Rdf1 Qe7 19. Qc2 c5 20. d5 gxf3 21. gxf3 Rg2
22. Re1 Nf8 23. Nf1 b5 24. Qd2 Ng8 25. Bg1 Bc8 26. Ne3 Rg7 27. Bf2 bxc4 28. Bh4
f6 29. Bf1 Rb8 30. Nxc4 Qb7 31. Qb2 Qc7 32. Qa3 f5 33. Bd3 f4 34. Rh2 Nd7 35.
Qa5 Qxa5 36. Nxa5 Ngf6 37. Nc4 Ne8 38. Rb2 Rxb2 39. Kxb2 Rg2+ 40. Re2 Rg1 41.
Be7 Rf1 42. Rh2 Rxf3 43. Be2 Rg3 44. Bxd6 f3 45. Bf1 Nef6 46. Nxe5 Nxe4 47. Nc4
Rg1 48. Bd3 Ndf6 49. Nd2 Rg2 50. Ka3 Rxh2 51. Bxh2 Bf5 52. Nxf3 Kg7 53. Be5 Kf7
54. c4 Nxh5 55. Ka4 Nc3+ 56. Bxc3 1-0

[Event "XIX Festival A"]
[Site "Arco ITA"]
[Date "1997.11.15"]
[Round "2"]
[White "Patelli, Alessandro"]
[Black "Godena, Michele"]
[Result "0-1"]
[WhiteElo "2220"]
[BlackElo "2515"]
[PlyCount "76"]
[EventDate "1997.11.14"]

1. Nf3 d5 2. d4 e6 3. c4 c6 4. g3 Nf6 5. Bg2 Bb4+ 6. Bd2 Be7 7. b3 O-O 8. O-O
b6 9. Bc3 Nbd7 10. Nbd2 Ba6 11. Re1 c5 12. e4 Nxe4 13. Nxe4 dxe4 14. Rxe4 Bb7
15. Re3 Bf6 16. Ne5 Bxg2 17. Kxg2 cxd4 18. Bxd4 Bxe5 19. Bxe5 Nxe5 20. Rxe5 Qc7
21. Qe2 Rad8 22. Re1 Rd4 23. Re4 Rd7 24. Qf3 Rfd8 25. h4 h6 26. R4e3 Qc5 27.
R1e2 Qd4 28. Re4 Qa1 29. Rf4 e5 30. Rg4 Rd1 31. Re3 Rh1 32. Qf6 Qf1+ 33. Kf3
Qd1+ 34. Kg2 Qf1+ 35. Kf3 e4+ 36. Kxe4 Re8+ 37. Kd5 Qd1+ 38. Kc6 Rc8+ 0-1

[Event "XIX Festival A"]
[Site "Arco ITA"]
[Date "1997.11.15"]
[Round "2"]
[White "Wohl, Aleksandar H."]
[Black "Ortega, Lexy"]
[Result "0-1"]
[WhiteElo "2435"]
[BlackElo "2470"]
[PlyCount "74"]
[EventDate "1997.11.14"]

1. e4 c5 2. Nf3 d6 3. d4 cxd4 4. Nxd4 Nf6 5. Nc3 a6 6. f4 e5 7. Nf3 Nbd7 8. Bd3
Be7 9. O-O b5 10. a4 b4 11. Ne2 O-O 12. Ng3 Bb7 13. Qe1 Nc5 14. Qxb4 d5 15.
fxe5 Nxd3 16. Qxb7 Nc5 17. Qb4 Ncxe4 18. Qe1 Bc5+ 19. Kh1 Ng4 20. Nxe4 dxe4 21.
Ng5 e3 22. Ne4 Ba7 23. Qg3 Qc8 24. h3 Qc4 25. Rf4 Nf2+ 26. Nxf2 Qf1+ 27. Kh2
exf2 28. Qf3 Qg1+ 29. Kg3 Qe1 30. Kh2 Rae8 31. b3 Qxe5 32. Rb1 g5 33. Qg3 f6
34. Bd2 Kh8 35. Rf3 Qe2 36. Bb4 Rf7 37. Bd6 Qe1 0-1

[Event "XIX Festival A"]
[Site "Arco ITA"]
[Date "1997.11.16"]
[Round "3"]
[White "Calzetta Ruiz, Monica"]
[Black "Dalponte, Dino"]
[Result "1-0"]
[WhiteElo "2190"]
[BlackElo "2195"]
[PlyCount "59"]
[EventDate "1997.11.14"]

1. e4 e6 2. d4 d5 3. Nd2 f5 4. exd5 exd5 5. Ngf3 Nf6 6. Ne5 Bd6 7. Ndf3 O-O 8.
Bd3 Ne4 9. O-O Nd7 10. c4 Qf6 11. Nxd7 Bxd7 12. c5 Be7 13. Qb3 Bc6 14. Bf4 Rac8
15. Rae1 h6 16. Ne5 Kh7 17. f3 Ng5 18. Kh1 Bd8 19. Re2 g6 20. Rfe1 Ne6 21. Nxg6
Nxd4 22. Nxf8+ Qxf8 23. Qc3 Nxe2 24. Rxe2 Bd7 25. Qe5 c6 26. g4 Qf6 27. gxf5
Qxe5 28. Bxe5 Be8 29. Rg2 h5 30. f6+ 1-0